Terahertz Technology Fundamentals and Applications /

"Terahertz Technology" presents information about Terahertz science, Terahertz photodetectors and Terahertz Lasers. A special emphasis is given to room temperature operation of long wavelength photodetectors based on novel quantum dots (Centered Defect Spherical Quantum Dots). Moreover, a...

Full description

Bibliographic Details
Main Authors: Rostami, Ali (Author), Rasooli, Hassan (Author), Baghban, Hamed (Author)
Corporate Author: SpringerLink (Online service)
Format: Electronic eBook
Language:English
Published: Berlin, Heidelberg : Springer Berlin Heidelberg, 2011.
Series:Lecture Notes in Electrical Engineering, 77
Subjects:
Online Access:Full Text via HEAL-Link
LEADER 02483nam a22005655i 4500
001 978-3-642-15793-6
003 DE-He213
005 20151121051738.0
007 cr nn 008mamaa
008 101125s2011 gw | s |||| 0|eng d
020 |a 9783642157936  |9 978-3-642-15793-6 
024 7 |a 10.1007/978-3-642-15793-6  |2 doi 
040 |d GrThAP 
050 4 |a TA1750-1750.22 
072 7 |a TJFD  |2 bicssc 
072 7 |a TEC021000  |2 bisacsh 
072 7 |a TEC008080  |2 bisacsh 
082 0 4 |a 620.11295  |2 23 
082 0 4 |a 620.11297  |2 23 
100 1 |a Rostami, Ali.  |e author. 
245 1 0 |a Terahertz Technology  |h [electronic resource] :  |b Fundamentals and Applications /  |c by Ali Rostami, Hassan Rasooli, Hamed Baghban. 
264 1 |a Berlin, Heidelberg :  |b Springer Berlin Heidelberg,  |c 2011. 
300 |a XIV, 246 p.  |b online resource. 
336 |a text  |b txt  |2 rdacontent 
337 |a computer  |b c  |2 rdamedia 
338 |a online resource  |b cr  |2 rdacarrier 
347 |a text file  |b PDF  |2 rda 
490 1 |a Lecture Notes in Electrical Engineering,  |x 1876-1100 ;  |v 77 
520 |a "Terahertz Technology" presents information about Terahertz science, Terahertz photodetectors and Terahertz Lasers. A special emphasis is given to room temperature operation of long wavelength photodetectors based on novel quantum dots (Centered Defect Spherical Quantum Dots). Moreover, a complete analysis of systems based on Quantum Cascade structures to detect far infrared wavelengths is provided. Finally, the book presents Terahertz laser principles considering multi-color lasers in this range of wavelengths. 
650 0 |a Materials science. 
650 0 |a Optics. 
650 0 |a Optoelectronics. 
650 0 |a Plasmons (Physics). 
650 0 |a Microwaves. 
650 0 |a Optical engineering. 
650 0 |a Optical materials. 
650 0 |a Electronic materials. 
650 1 4 |a Materials Science. 
650 2 4 |a Optical and Electronic Materials. 
650 2 4 |a Microwaves, RF and Optical Engineering. 
650 2 4 |a Optics, Optoelectronics, Plasmonics and Optical Devices. 
700 1 |a Rasooli, Hassan.  |e author. 
700 1 |a Baghban, Hamed.  |e author. 
710 2 |a SpringerLink (Online service) 
773 0 |t Springer eBooks 
776 0 8 |i Printed edition:  |z 9783642157929 
830 0 |a Lecture Notes in Electrical Engineering,  |x 1876-1100 ;  |v 77 
856 4 0 |u http://dx.doi.org/10.1007/978-3-642-15793-6  |z Full Text via HEAL-Link 
912 |a ZDB-2-ENG 
950 |a Engineering (Springer-11647)